500 Music Artists by Song - Statistics

General Stats
  • This quiz has been taken 1,210 times
  • The average score is 104 of 500
Answer Stats
Song Artist % Correct
Smells Like Teen Spirit Nirvana
94%
Bohemiam Rhapdosy Queen
85%
Lose Yourself Eminem
79%
Back In Black AC/DC
78%
Creep Radiohead
78%
Hotel California Eagles
77%
Jailhouse Rock Elvis Presley
77%
Come Together The Beatles
77%
Dancing Queen ABBA
76%
Tiny Dancer Elton John
76%
Africa Toto
76%
In da Club 50 Cent
75%
Piano Man Billy Joel
75%
American Idiot Green Day
74%
Every Breath You Take The Police
74%
Wonderwall Oasis
73%
Take On Me a-ha
72%
Master of Puppets Metallica
72%
Paint It Black The Rolling Stones
72%
Stairway to Heaven Led Zeppelin
71%
Empire State of Mind Jay-Z
70%
Starman David Bowie
69%
Sweet Child O' Mine Guns N' Roses
69%
Rehab Amy Winehouse
66%
Stayin' Alive Bee Gees
66%
Losing My Religion R.E.M.
66%
Mr. Brightside The Killers
66%
You Give Love a Bad Name Bon Jovi
64%
Yellow Coldplay
64%
Don't Stop Believin' Journey
64%
Hey Ya! Outkast
64%
Dream On Aerosmith
63%
Comfortabaly Numb Pink Floyd
63%
Sweet Home Alabama Lynyrd Skynyrd
61%
With or Without You U2
61%
Everlong Foo Fighters
59%
Feel Good Inc. Gorillaz
59%
California Love 2Pac
58%
When Doves Cry Prince
58%
Everybody Wants to Rule the World Tears for Fears
57%
Paranoid Black Sabbath
56%
Sk8er Boi Avril Lavigne
55%
In The End LINKIN PARK
55%
Good Vibrations The Beach Boys
55%
Friday I'm In Love The Cure
55%
Seventh Nation Army The White Stripes
55%
Like a Rolling Stone Bob Dylan
54%
Crazy Train Ozzy Osbourne
54%
London Calling The Clash
54%
Iris The Goo Goo Dolls
54%
Sultans of Swing Dire Straits
53%
The Final Countdown Europe
53%
I Love Rock 'n' Roll Joan Jett & The Blackhearts
53%
All Along the Watchtower The Jimi Hendrix Experience
52%
Smoke on the Water Deep Purple
51%
Tears in Heaven Eric Clapton
51%
Runaway Kanye West
51%
Can't Stop Red Hot Chili Peppers
51%
Heart of Glass Blondie
50%
Song 2 Blur
50%
Dancing in the Dark Bruce Springsteen
50%
Pour Some Sugar On Me Def Leppard
50%
Passionfruit Drake
50%
Dreams Fleetwood Mac
50%
Superstition Stevie Wonder
50%
Light My Fire The Doors
50%
The Next Episode Dr. Dre
49%
Bring Me to Life Evanescence
49%
Black Hole Sun Soundgarden
49%
Bitter Sweet Symphony The Verve
49%
Fortunate Son Creedence Clearwater Revival
48%
Rock and Roll All Nite Kiss
48%
Hypnotize The Notorious B.I.G.
48%
Baba O'Riley The Who
48%
Gin and Juice Snoop Dogg
47%
American Pie Don McLean
46%
Hurt Johnny Cash
46%
Anarchy in the U.K. Sex Pistols
46%
R U Mine? Arctic Monkeys
45%
September Earth, Wind & Fire
45%
Better Now Post Malone
45%
Believer Imagine Dragons
44%
Money Trees Kendrick Lamar
44%
Psycho Killer Talking Heads
44%
House of the Rising Sun The Animals
44%
More Than a Feeling Boston
43%
It Was a Good Day Ice Cube
43%
Welcome to the Black Parade My Chemical Romance
43%
All Star Smash Mouth
43%
Island in the Sun Weezer
43%
Straight Outta Compton N.W.A
42%
Bridge Over Troubled Water Simon & Garfunkel
42%
This Charming Man The Smiths
42%
Free Fallin' Tom Petty & The Heartbreakers
42%
Brown Eyed Girl Van Morrison
42%
Blitzkrieg Bop Ramones
41%
Toxicity System of a Down
41%
Could You Be Loved Bob Marley & The Wailers
40%
Personal Jesus Depeche Mode
40%
Hungry Like the Wolf Duran Duran
40%
Mr. Blue Sky Electric Light Orchestra
40%
Barracuda Heart
40%
You Really Got Me The Kinks
40%
1979 The Smashing Pumpkins
40%
Hot for Teacher Van Halen
40%
Pink + White Frank Ocean
39%
Carry On Wayward Son Kansas
39%
I Write Sins Not Tragedies Panic! At the Disco
39%
Fight for Your Right Beastie Boys
38%
Sunshine of Your Love Cream
38%
Lucid Dreams Juice WRLD
38%
Where Is My Mind? Pixies
38%
Du hast Rammstein
38%
Maria Maria Santana
38%
La Grange ZZ Top
38%
School's Out Alice Cooper
37%
Take Me Out Franz Ferdinand
37%
West End Girls Pet Shop Boys
37%
(Don't Fear) The Reaper Blue Oyster Cult
36%
The Trooper Iron Maiden
36%
Freak on a Leash Korn
36%
What's Going On Marvin Gaye
36%
Ace of Spades Motorhead
36%
Just a Girl No Doubt
36%
Higher Creed
35%
Pumped Up Kicks Foster The People
35%
Redbone Childish Gambino
34%
Sugar, We're Going Down Fall Out Boy
34%
Break Stuff Limp Bizkit
34%
Kickstart My Heart Motley Crue
34%
Loser Beck
33%
Hey There Delilah Plain White T's
33%
The Less I Know the Better Tame Impala
33%
Black Pearl Jam
32%
Sweather Weather The Neighbourhood
32%
No Role Modelz J. Cole
31%
Every Rose Has Its Thorn Poison
31%
Born to Be Wild Steppenwolf
30%
The Joker Steve Miller Band
30%
Breaking the Law Judas Priest
29%
A Milli Lil Wayne
29%
How to Save a Life The Fray
29%
NEW MAGIC WAND Tyler, The Creator
29%
Fade into You Mazzy Star
28%
Closer Nine Inch Nails
28%
It's Tricky Run-D.M.C.
28%
You're Gonna Go Far, Kid The Offspring
28%
Kryptonite 3 Doors Down
27%
Them Bones Alice In Chains
27%
First Date blink-182
27%
You're the Inspiration Chicago
27%
Lust For Life Iggy Pop
27%
Psychosocial Slipknot
27%
Santeria Sublime
27%
You Might Think The Cars
27%
The Boys Are Back In Town Thin Lizzy
27%
Celebrity Skin Hole
26%
Fly Away Lenny Kravitz
26%
The Beautiful People Marilyn Manson
26%
Roundabout Yes
26%
Cigarette Daydreams Cage The Elephant
25%
Layla Derek & The Dominos
25%
Lover, You Should've Come Over Jeff Buckley
25%
Hysteria Muse
25%
Last Resort Papa Roach
25%
All I Wanted Paramore
25%
The Adults Are Talking The Strokes
25%
Jocelyn Flores XXXTENTACION
25%
90210 Travis Scott
24%
Mr. Jones Counting Crows
23%
Rich Girl Daryl Hall & John Oates
23%
Down with the Sickness Disturbed
23%
Young Dumb & Broke Khalid
23%
The Court of the Crimson King King Crimson
23%
My Love All Mine Mitski
23%
Guerilla Radio Rage Against The Machine
23%
Don't You Want Me The Human League
23%
C.R.E.A.M. Wu-Tang Clan
23%
Glycerine Bush
22%
Juke Box Hero Foreigner
22%
The Pod Hum
22%
The Middle Jimmy Eat World
22%
N.Y. State of Mind Nas
22%
Interstate Love Song Stone Temple Pilots
22%
Semi-Charmed Life Third Eye Blind
22%
Ride twenty one pilots
22%
Be Quiet and Drive (Far Away) Deftones
21%
Keep On Loving You REO Speedwagon
21%
Schism TOOL
21%
SLOW DANCING IN THE DARK Joji
20%
Pursuit of Happiness Kid Cudi
20%
Ex-Factor Lauryn Hill
20%
Time to Pretend MGMT
20%
For What It's Worth Neil Young
20%
Bizarre Love Triangle New Order
20%
Walk Pantera
20%
Dark Red Steve Lacy
20%
I'm Not in Love 10cc
19%
Apocalypse Cigarettes After Sex
19%
Disorder Joy Division
19%
Holy Wars... The Punishment Due Megadeth
19%
In Too Deep Sum 41
19%
Lovers Rock TV Girl
19%
Cherry Pie Warrant
19%
Still of the Night Whitesnake
19%
Feel Like Makin' Love Bad Company
18%
No Rain Blind Melon
18%
Voice of the Soul Death
18%
Cry Baby Janis Joplin
18%
Get Down On It Kool & The Gang
18%
My Own Worst Enemy Lit
18%
YYZ Rush
18%
golden hour JVKE
17%
Float On Modest Mouse
17%
Raining Blood Slayer
17%
Lonely Boy The Black Keys
17%
Femme Fatale The Velvet Underground
17%
Space Song Beach House
16%
Touch of Grey Grateful Dead
16%
Alive and Kicking Simple Minds
16%
18 and Life Skid Row
16%
A-Punk Vampire Weekend
16%
Can I Kick It? A Tribe Called Quest
15%
Walking On a Dream Empire of the Sun
15%
Been Caught Stealing Jane's Addiction
15%
Reelin' In the Years Steely Dan
15%
Renegade Styx
15%
a lot 21 Savage
14%
Cochise Audioslave
14%
Can You Feel My Heart Bring Me The Horizon
14%
Song for the Dead Queens of the Stone Age
14%
Broken Clocks SZA
14%
Dear Maria, Count Me In All Time Low
13%
Hail to the King Avenged Sevenfold
13%
Night Moves Bob Seger & The Silver Bullet Band
13%
Romantic Homicide d4vd
13%
Holiday In Cambodia Dead Kennedys
13%
Bad To the Bone George Thorogood & The Destroyers
13%
Freaking Out the Neighbourhood Mac DeMarco
13%
Magnolia Playboi Carti
13%
Dracula Rob Zombie
13%
Ramblin' Man The Allman Brothers Band
13%
Criminal Fiona Apple
12%
Cars Gary Numan
12%
After the Storm Kali Uchis
12%
One Beer MF DOOM
12%
Harness Your Hopes Pavement
12%
Somebody Else The 1975
12%
The Diary of Jane Breaking Benjamin
11%
I Will Follow You Into the Dark Death Cab for Cutie
11%
Bodies Drowning Pool
11%
Waltz #2 (XO) Elliott Smith
11%
Don't Change INXS
11%
Upside Down Jack Johnson
11%
The Way Life Goes Lil Uzi Vert
11%
3 am Matchbox Twenty
11%
Every You Every Me Placebo
11%
Tomorrow Silverchair
11%
She Talks to Angels The Black Crowes
11%
Cannonball The Breeders
11%
Caught In a Mosh Anthrax
10%
The Distance CAKE
10%
Sofia Clairo
10%
Cherry-Coloured Funk Cocteau Twins
10%
From the Start Laufey
10%
Self Care Mac Miller
10%
I Melt With You Modern English
10%
King for a Day Pierce The Veil
10%
She Hates Me Puddle of Mudd
10%
Roots Bloody Roots Sepultura
10%
When the Sun Hits Slowdive
10%
Kool Thing Sonic Youth
10%
It's Been Awhile Staind
10%
Hunger Strike Temple of the Dog
10%
One Headlight The Wallflowers
10%
The Kill (Bury Me) Thirty Seconds to Mars
10%
Ocean Avenue Yellowcard
10%
My Body Is a Cage Arcade Fire
9%
Through the Fire and Flames DragonForce
9%
Hey Jealousy Gin Blossoms
9%
Sex & Candy Marcy Playground
9%
Holland, 1945 Neutral Milk Hotel
9%
Lisztomania Phoenix
9%
My Name Is Mud Primus
9%
Freaks Surf Curse
9%
Lump The Presidents of the United States of America
9%
Pepper Butthole Surfers
8%
Hammer Smashed Face Cannibal Corpse
8%
Santa Monica Everclear
8%
Peaches En Regalia Frank Zappa
8%
I'm So Tired Fugazi
8%
Flagpole Sitta Harvey Danger
8%
When You Sleep my bloody valentine
8%
Need 2 Pinegrove
8%
Silent Lucidity Queensryche
8%
Kilby Girl The Backseat Lovers
8%
Step On Me The Cardigans
8%
This Is the One The Stone Roses
8%
Mary Alex G
7%
American Jesus Bad Religion
7%
Not Strong Enough boygenius
7%
Mother Danzig
7%
Boyz-n-the-Hood Easy-E
7%
I Stand Alone Godsmack
7%
Let Her Cry Hootie & The Blowfish
7%
Pardon Me Incubus
7%
Save That Shit Lil Peep
7%
Christmas Kids Roar
7%
Fake It Seether
7%
Do You Realize?? The Flaming Lips
7%
Riot Three Days Grace
7%
Thunder Kiss '65 White Zombie
7%
Down 311
6%
Bang! AJR
6%
Sex, Drugs, Etc. Beach Weather
6%
Rise Above Black Flag
6%
First Day of My Life Bright Eyes
6%
Sober to Death Car Seat Headrest
6%
Shine Collective Soul
6%
Jealous Eyedress
6%
Bad Company Five Finger Death Punch
6%
What Once Was Her's
6%
Obstacle 1 Interpol
6%
All My Friends LCD Soundsystem
6%
Hybrid Moments Misfits
6%
Touch Me I'm Sick Mudhoney
6%
Second Chance Shinedown
6%
Spellbound Siouxsie & The Banshees
6%
Mrs Magic Strawberry Guy
6%
Under the Milky Way The Church
6%
Twin Size Mattress The Front Bottoms
6%
What You Know Two Door Cinema Club
6%
I Don't Wanna Be Me Type O Negative
6%
money machine 100 gecs
5%
Never Meant American Football
5%
Judith A Perfect Circle
5%
QKThr Aphex Twin
5%
I've Seen Footage Death Grips
5%
Pull Me Under Dream Theater
5%
The Drug in Me Is You Falling In Reverse
5%
Shimmer Fuel
5%
Silvera GOJIRA
5%
Love Like Blood Killing Joke
5%
Linoleum NOFX
5%
D>E>a>T>H>M>E>T>a>L Panchiko
5%
Alrighty Aphrodite Peach Pit
5%
Boom P.O.D.
5%
Nearly Lost You Screaming Trees
5%
Faucet Failure Ski Mask the Slump God
5%
Cute Without the 'E' Taking Back Sunday
5%
Love My Way The Psychedelic Furs
5%
Notion The Rare Occasions
5%
Lucretia My Reflection The Sisters of Mercy
5%
Headstrong Trapt
5%
Fall to Pieces Velvet Revolver
5%
Alien Blues Vundabar
5%
Voodoo Lady Ween
5%
Ykwim? Yot Club
5%
Cough Syrup Young the Giant
5%
Banned In D.C. Bad Brains
4%
Covet Basement
4%
Dark Entries Bauhaus
4%
Knives and Pens Black Veil Brides
4%
This is Home Cavetown
4%
The Red Chevelle
4%
Little Fury Things Dinosaur Jr.
4%
Unsung Helmet
4%
Looking Out for You Joy Again
4%
1539 N. Calvert JPEGMAFIA
4%
River of Deceit Mad Season
4%
Blood and Thunder Mastodon
4%
Your Graduation Modern Baseball
4%
Dig Mudvayne
4%
Bro Hymn Pennywise
4%
The Taste of Ink The Used
4%
Topanga Trippie Redd
4%
Concorde Black Country, New Road
3%
The Quiet Things That No One Every Knows Brand New
3%
BLEACH BROCKHAMPTON
3%
Far Behind Candlebox
3%
A Different Age Current Joys
3%
Get You Daniel Caesar
3%
Inside Out Duster
3%
Hive Earl Sweatshirt
3%
Bloodhail Have A Nice Life
3%
Redneck Lamb of God
3%
One Night Lil Yachty
3%
Backwater Meat Puppets
3%
Free Phish
3%
Sunflower Rex Orange County
3%
Hero Skillet
3%
Push It Static-X
3%
Youngest Daughter Superheaven
3%
Souls of Black Testament
3%
Money The Drums
3%
If You Could Only See Tonic
3%
Young Vacations
3%
Scream of the Butterfly Acid Bath
2%
Not The American Average Asking Alexandria
2%
Killing Me Slowly Bad Wolves
2%
Blow Your Trumpets Gabriel Behemoth
2%
Welcome To Hell black midi
2%
Freakin' out on the Interstate Briston Maroney
2%
I'm the One Descendents
2%
Bonded by Blood Exodus
2%
Swing Lynn Harmless
2%
Makes No Sense At All Husker Du
2%
Constant Headache Joyce Manor
2%
Rattlesnake King Gizzard & The Lizard Wizard
2%
Brackish Kittie
2%
Honey Bucket Melvins
2%
Bleed Meshuggah
2%
I Don't Wanna Hear It Minor Threat
2%
Corona Minutemen
2%
Edward 40Hands Mom Jeans.
2%
This Is Shangrila Mother Love Bone
2%
Another Life Motionless In White
2%
Place To Be Nick Drake
2%
Second & Sebring Of Mice & Men
2%
In My Time of Need Opeth
2%
Stone Love Pepper
2%
Playing God Polyphia
2%
Pets Porno for Pyros
2%
When Worlds Collide Powerman 5000
2%
Loser Monologue sign crushes motorist
2%
The Underdog Spoon
2%
Subliminal Suicidal Tendencies
2%
In Circles Sunny Day Real Estate
2%
Screen Shot Swans
2%
Consoler of the Lonely The Raconteurs
2%
Hawaii Five-O The Ventures
2%
Plane Vs. Tank Vs. Submarine Tigers Jaw
2%
Shed Title Fight
2%
All I Want Toad the Wet Sprocket
2%
MYSTERY Turnstile
2%
Remember When Wallows
2%
Your face Wisp
2%
No Limit A$AP Rocky
1%
Down the Line Beach Fossils
1%
When the Shit Hits the Fan Circle Jerks
1%
The Night I Drove Alone Citizen
1%
Lover Is a Day Cuco
1%
Dream House Deafheaven
1%
Kick the Tragedy Drop Nineteens
1%
What It Is to Burn Finch
1%
Kiss the Ladder Fleshwater
1%
Chicago Flipturn
1%
Forming Germs
1%
Blank Glare
1%
Mimi's Delivery Service Good Kid
1%
Swallow My Pride Green River
1%
*Equip Sunglasses* Hot Mulligan
1%
A Grave Mistake ICE NINE KILLS
1%
Flutter julie
1%
Uzumaki Machine Girl
1%
Daylily Movements
1%
Silver Lining Mt. Joy
1%
We All Die One Day Obie Trice
1%
Slowly We Rot Obituary
1%
Stitches Orgy
1%
Wide Awake Parquet Courts
1%
life imitates life quannic
1%
Denial Sevendust
1%
Stoopid Snot
1%
Using Sorority Noise
1%
My Demons STARSET
1%
Up The Down Escalator The Chameleons
1%
Clairvoyant The Story So Far
1%
The Rat The Walkmen
1%
Black Honey Thrice
1%
Humming Turnover
1%
Turbulent Waterparks
1%
Angelica Wet Leg
1%
Leave Whirr
1%
The Woven Web Animals As Leaders
0%
Roll My Stone Arcy Drive
0%
Object Permanence Arm's Length
0%
What's New Ax and the Hatchetmen
0%
Reflection Balance and Composure
0%
Silver Bleed
0%
Feeling Lonely boy pablo
0%
Randy, I Am The Liquor Free Throw
0%
Why Not? Gentle Giant
0%
cold weather glass beach
0%
Tip Your Bartender Glassjaw
0%
Protocol Hotline TNT
0%
Alone I Prevail
0%
Rubin and Cherise Jerry Garcia Band
0%
Want Me Around Knuckle Puck
0%
Pale Modern Color
0%
Ashtray Narrow Head
0%
Marigold Periphery
0%
1987 Phoneboy
0%
Yer Killin' Me Remo Drive
0%
Moving On Sarah and the Sundays
0%
Ocean Sebadoh
0%
Buried a Lie Senses Fail
0%
Loud Noises Slaughterhouse
0%
Insomnia The Moss
0%
Eightball They Are Gutting a Body of Water
0%
No matching quizzes found
Score Distribution
Percent of People with Each Score
Percentile by Number Answered
Your Score History
You have not taken this quiz